000 00411nam a2200109Ia 4500
008 171212s9999 xx 000 0 und d
020 _a9781783741120
245 _ceditor Hayes, Peter;Yi, Kiho
_aComplexity, Security and Civil Society in East Asia
_bForeign Policies and the Korean Peninsula
260 _bOpen Book Publishers
_c2015
650 _aPolitical Science
856 _uhttp://jstor.org/stable/j.ctt16gzg36
999 _c351574
_d351574